| 000 | 01183nam a2200301 a 4500 | ||
|---|---|---|---|
| 001 | 000111228 | ||
| 003 | CHAP | ||
| 005 | 20220329144203.0 | ||
| 008 | 150121s2014 mx sm |||||||spa d | ||
| 010 | _a107690 | ||
| 011 | _a108662 | ||
| 040 | _cCHAP | ||
| 090 | _aTesis | ||
| 100 | 1 |
_aOrtiz Rojas, Everardo _9129055 |
|
| 245 | 1 | 0 |
_aAnálisis de la dinámica del consumo de la tortilla de maíz en México e identificación de variables demográficas de los hogares Mexicanos que determinan el lugar de compra _h[En línea] _cpor Everardo Ortiz Rojas. |
| 260 |
_aChapingo, Méx. : _bEl autor, _c2014. |
||
| 500 | _aPara ver el contenido del material haga clic en la liga | ||
| 502 | _aTesis (Lic. en Economía Agrícola) -- UACH. División de Ciencias Economico Administrativas | ||
| 590 |
_aE11695DGD _b10 _c20150123 _lUCH01 _h1147 |
||
| 590 |
_aE5765TAJ _b05 _c20150121 _lUCH01 _h0940 |
||
| 590 |
_aE5765TAJ _b05 _c20150121 _lUCH01 _h0940 |
||
| 650 | 1 | 4 |
_aTortillas de maíz _xConsumo. _9114320 |
| 650 | 1 | 4 |
_aTortillas de maíz _xMercadeo. _9129056 |
| 856 |
_aFinding aid _uhttp://10.13.5.2/tesis/sist111228.pdf _zTeclea aquí |
||
| 901 | _aBK | ||
| 942 | _cTESIS | ||
| 942 | _n0 | ||
| 999 |
_c107690 _d107690 |
||